| 000 | 00852 a2200241 4500 | ||
|---|---|---|---|
| 999 |
_c2547 _d2547 |
||
| 020 | _a9789332536517 | ||
| 020 | _a9789332536517 | ||
| 050 | 0 | 0 | _aBF181 CHR 2014 |
| 100 | 1 |
_aChristensen, Larry B., _d1941- |
|
| 245 | 1 | 0 |
_aResearch methods, design, and analysis / _cLarry B. Christensen, R. Burke Johnson, Lisa A. Turner. |
| 250 | _a11th ed. | ||
| 264 |
_aUnited Kingdom _bPearson _c2014 |
||
| 300 |
_axx, 539 p. : _bill. ; |
||
| 500 | _aRev. and updated ed. of : Experimental methodology. | ||
| 504 | _aIncludes bibliographical references (p. 511-523) and index. | ||
| 650 | 0 | _aPsychology, Experimental | |
| 650 | 0 |
_aPsychology _xExperiments |
|
| 650 | 0 | _aExperimental design. | |
| 700 | 1 | _aJohnson, Burke. | |
| 700 | 1 | _aTurner, Lisa Anne. | |
| 700 | 1 |
_aChristensen, Larry B., _d1941- _tExperimental methodology. |
|
| 942 |
_2lcc _cBK _h181 _iCHR _kBF |
||